Artists / Singers by their Songs #8 - Statistics

General Stats
  • This quiz has been taken 305 times
    217 since last reset
  • The average score is 6 of 10
Answer Stats
Hint Answer % Correct
In da Club / 21 Questions / Candy Shop / Many Men 50 Cent
83%
Jolene / I Will Always Love You / 9 to 5 / Here You Come Again Dolly Parton
83%
Sorry Seems to Be the Hardest Word / I'm Still Standing / Your Song / Don't Go Breaking My Heart Elton John
79%
Royals / Team / Green Light / Perfect Places Lorde
77%
Born to Run / Dancing in the Dark / Born in the U.S.A / I'm on Fire Bruce Springsteen
74%
Born to Die / Video Games / Once Upon a Dream / Summertime Sadness Lana Del Rey
70%
Albatross / Dreams / Go Your Own Way / Everywhere Fleetwood Mac
51%
Jesus, Take the Wheel / Before He Cheats / Blown Away / All-American Girl Carrie Underwood
49%
Stop! In the Name of Love / You Can't Hurry Love / You Keep Me Hangin' On / I Hear a Symphony The Supremes
31%
7 Days / Walking Away / Fill Me In / Nothing Like This Craig David
16%
No matching quizzes found
Score Distribution
Percent of People with Each Score
Percentile by Number Answered
Your Score History
You have not taken this quiz since the last reset